000 00629nam a22002052 4500
001 0000018951
005 20151217155900.0
008 100818s xx 000 0 eng d
020 _a1872566006 :
040 _aKABU
_cKABU
100 1 _aSutton, John E. G.
_@0000178449
245 1 2 _aA Thousnd years of East Africa /
_cJohn E. G. Sutton.
250 _a1st ed.
260 _aLondon :
_bBritish Institute in Eastern Africa,
_c1990.
300 _a111 p.
651 0 _aAfrica, East
_xHistory
_yTo 1886.
_@0000161425
852 1 _9p450 KES
908 _a100818
950 _@1
999 _c13689
_d13689